Normal view MARC view

Entry Topical Term

Number of records used in: 1

001 - CONTROL NUMBER

  • control field: 245486

003 - CONTROL NUMBER IDENTIFIER

  • control field: OSt

005 - DATE AND TIME OF LATEST TRANSACTION

  • control field: 20251113160846.0

008 - FIXED-LENGTH DATA ELEMENTS

  • fixed length control field: 251113|| aca||aabn | a|a d

040 ## - CATALOGING SOURCE

  • Original cataloging agency: OSt
  • Transcribing agency: OSt

150 ## - HEADING--TOPICAL TERM

  • Topical term or geographic name entry element: Kannada Poetry

670 ## - SOURCE DATA FOUND

  • Source citation: Work cat.: (OSt)212674: NARAHALLI BALASUBRAMANYA MATTU LAKSHMANA KODASE,Ed ನರಹಳ್ಳಿ ಬಾಲಸುಬ್ರಹ್ಮಣ್ಯ ಮತ್ತು ಲಕ್ಷ್ಮಣ ಕೊಡಸೆ 245485, Kristanjali., 1973